| 000 | 00623nam a2200193Ia 4500 | ||
|---|---|---|---|
| 003 | GCL | ||
| 005 | 20240530095548.0 | ||
| 008 | 140319s9999 xx 000 0 ara d | ||
| 040 |
_aGCL / _cGCL |
||
| 082 | 0 | 4 |
_a001.2 _bط/ع ع |
| 245 | 1 | 0 | _aالعيش معا ضد العنف |
| 260 |
_aالاردن : _bدار عويدات للنشر والطباعة ، _c2005 |
||
| 300 |
_a53 ص ؛ _c16 سم |
||
| 490 |
_aموسوعة دليل الطفل المواطن _v0 |
||
| 650 | 0 | 4 | _aقصص الاطفال |
| 650 | 0 | 4 | _aالعنف |
| 650 | 0 | 4 | _aالعنف - الجوانب الاخلاقية والدينية |
| 942 |
_2ddc _cBK |
||
| 999 |
_c8386 _d8386 |
||